[Event "Noviki-A"]
[Site "Budapest"]
[Date "1990.??.??"]
[Round "1"]
[White "Csom, Istvan"]
[Black "Mainka, Romuald"]
[Result "1-0"]
[WhiteElo "2505"]
[BlackElo "2445"]
[Annotator "Ribli,Z"]
[PlyCount "87"]
[EventDate "1990.??.??"]
[EventType "tourn"]
[EventRounds "11"]
[EventCountry "HUN"]
[EventCategory "9"]
[SourceTitle "CBM 019"]
[Source "ChessBase"]
[SourceDate "1990.12.01"]
[SourceVersion "1"]
[SourceVersionDate "1990.12.01"]
[SourceQuality "1"]

1. c4 e5 2. g3 Nf6 3. Bg2 d5 4. cxd5 Nxd5 5. Nc3 Nb6 6. d3 Be7 7. a3 O-O 8. Nf3
Nc6 9. b4 Be6 10. Rb1 f6 11. O-O a5 $6 {N} 12. bxa5 Rxa5 13. Nb5 Qd7 14. Be3
Nd5 15. Bd2 Ra6 16. Qc2 Nb6 (16... Bxa3 17. Nxa3 Rxa3 18. Rxb7) 17. Be3 Bxa3 (
17... Nd5 18. Bc5) 18. Nxa3 Rxa3 19. Bxb6 cxb6 20. Rxb6 Rfa8 21. Rfb1 $1 $14
Ra2 22. Qd1 R8a7 23. Nd2 Qc7 24. h3 R2a6 25. R6b2 Ra2 26. Rb6 R2a6 27. R6b2 Ra2
28. Ne4 Rxb2 29. Rxb2 Ra2 30. Rb1 Qe7 31. Nc3 Ra5 32. Qd2 Ra3 33. Kh2 Rb3 34.
Rxb3 Bxb3 35. Qb2 Be6 36. Na4 Bc8 37. Qb6 Nd4 38. e3 Ne6 39. d4 $1 exd4 40.
exd4 Qd7 41. d5 Qxa4 42. dxe6 Qe8 43. Bd5 Qe7 44. Qd8+ $1 {Ribli} 1-0

[Event "Warsaw"]
[Site "Warsaw"]
[Date "1990.??.??"]
[Round "6"]
[White "Filipowicz, Andrzej"]
[Black "Tischbierek, Raj"]
[Result "1/2-1/2"]
[WhiteElo "2385"]
[BlackElo "2440"]
[Annotator "Ribli,Z"]
[PlyCount "57"]
[EventDate "1990.01.??"]
[EventType "tourn"]
[EventRounds "13"]
[EventCountry "POL"]
[EventCategory "9"]
[SourceTitle "CBM 017"]
[Source "ChessBase"]
[SourceDate "1990.08.01"]
[SourceVersion "1"]
[SourceVersionDate "1990.08.01"]
[SourceQuality "1"]

1. c4 e5 2. g3 Nf6 3. Bg2 d5 4. cxd5 Nxd5 5. Nc3 Nb6 6. Nf3 Nc6 7. a3 Be7 8. b4
O-O 9. O-O Re8 10. d3 {-> A 29} Bf8 11. Bb2 a5 12. b5 Nd4 13. Nd2 a4 14. e3 Ne6
15. Nc4 {15.Qc5, Nc5 Hjartarson,J-Ivanchuk,V Linares 1989  CBM/11} Nc5 16. Nxb6
cxb6 17. Bd5 Be6 18. e4 Qd7 {18...Bxd5 19.Nxd5, Nb3 20.Rb1, Bc5 21.Kg2, Qd7 22.
f4!, ->} 19. Rb1 Bh3 20. Re1 Bg4 21. f3 Bh5 22. Kg2 Kh8 23. g4 Bg6 24. Bc1 f6
25. d4 exd4 26. Qxd4 Rad8 27. Qe3 Bf7 28. Rd1 Qe7 29. Bb2 1/2-1/2

[Event "Tbilisi"]
[Site "Tbilisi"]
[Date "1991.??.??"]
[Round "?"]
[White "Sturua, Zurab"]
[Black "Kachiani Gersinska, Ketino"]
[Result "1-0"]
[WhiteElo "2505"]
[BlackElo "2345"]
[Annotator "Ribli,Z"]
[PlyCount "65"]
[EventDate "1991.05.??"]
[EventType "tourn"]
[EventRounds "11"]
[EventCountry "GEO"]
[EventCategory "9"]
[SourceTitle "CBM 024"]
[Source "ChessBase"]
[SourceDate "1991.10.01"]
[SourceVersion "1"]
[SourceVersionDate "1991.10.01"]
[SourceQuality "1"]

1. c4 e5 2. Nc3 Nf6 3. Nf3 Nc6 4. g3 d5 5. cxd5 Nxd5 6. Bg2 Nb6 7. O-O Be7 8.
a3 O-O 9. b4 Be6 10. Rb1 f6 11. d3 a5 12. b5 Nd4 13. Nd2 c6 $2 (13... Bd5 $1
14. Nxd5 Nxd5 15. Bb2 a4 $1 $10 {Sunye,N-Hansen,L Novi Sad ol 1990 50/35}) 14.
bxc6 bxc6 15. e3 Nf5 16. Qc2 Nd5 17. Na4 Rc8 18. Nc4 $16 c5 19. Bd2 Nb4 20.
axb4 cxb4 21. Nab2 Nd6 22. Rfd1 Nb5 23. Ra1 f5 24. Be1 Bf6 25. Rdc1 e4 26. d4
Na3 27. Qe2 Be7 28. Bf1 Ra8 29. Qd1 f4 30. exf4 Nb5 31. d5 Bd7 32. d6 Bf6 33.
Qd5+ 1-0

[Event "Bern zt"]
[Site "Bern"]
[Date "1990.??.??"]
[Round "6"]
[White "Soffer, Ram"]
[Black "Kindermann, Stefan"]
[Result "1-0"]
[WhiteElo "2440"]
[BlackElo "2560"]
[Annotator "Ribli,Z"]
[PlyCount "99"]
[EventDate "1990.01.??"]
[EventType "tourn"]
[EventRounds "15"]
[EventCountry "SUI"]
[EventCategory "9"]
[SourceTitle "CBM 017"]
[Source "ChessBase"]
[SourceDate "1990.08.01"]
[SourceVersion "1"]
[SourceVersionDate "1990.08.01"]
[SourceQuality "1"]

1. c4 e5 2. Nc3 Nf6 3. g3 Bb4 4. Bg2 O-O 5. Nf3 Nc6 6. O-O e4 7. Ng5 Bxc3 8.
bxc3 Re8 9. f3 e3 $5 10. d3 {10.d4?!, Olafsson,H-Naumkin,I Belgrade GMA-op
1989  CBM/11} d5 11. Qb3 Na5 12. Qa3 c6 13. cxd5 cxd5 14. f4 Bg4 $5 {14...Nc6
15.Rb1, Qc7 Kasparov,G-Karpov,A Sevilla (m/2) 1987 i 44/22 14...Nc6 15.Bb2!?,
Bg4 16.Rae1 Archipov-Naumkin Moskva GMA-op 1989 i 47(45)} 15. Re1 Nc6 16. Rb1
Qd7 17. Nf3 {17.h3!? +/= Karpov} b6 18. Bb2 Rac8 {18...Bh3!?} 19. c4 Bxf3 20.
Bxf3 dxc4 21. dxc4 Na5 {21...Nd4 22.Bxd4, Qxd4 23.Qxa7 +/=} 22. Bxf6 gxf6 23.
Qd3 $1 Qe7 24. Bd5 Rc5 25. Red1 Rec8 26. Rb5 Kg7 {26...Nxc4 27.Rxc5, Qxc5 28.
Bxf7+!} 27. Rxc5 Rxc5 28. g4 h6 29. Rf1 Nc6 30. g5 Nb4 31. Qd4 Nxd5 32. cxd5
Qd6 33. gxh6+ Kxh6 34. Rd1 Kg7 35. Kg2 b5 36. Kf3 a5 37. Rd3 a4 38. h4 Qd7 39.
Kg3 Rc4 40. Qxe3 Rc2 41. a3 Qd6 42. Qf3 Rc1 43. Kh3 Kh6 44. Qe4 Qd7+ 45. f5 Rf1
46. d6 b4 47. axb4 a3 48. Rxa3 Qxd6 49. Rd3 Qc7 50. Qa8 1-0

[Event "RUS-ch"]
[Site "Elista"]
[Date "1996.??.??"]
[Round "2"]
[White "Ibragimov, Ildar"]
[Black "Skvortsov, Alexandr L"]
[Result "1-0"]
[WhiteElo "2545"]
[BlackElo "2350"]
[Annotator "Ribli,Z"]
[PlyCount "125"]
[EventDate "1996.10.15"]
[EventType "swiss"]
[EventRounds "11"]
[EventCountry "RUS"]
[SourceTitle "CBM 056"]
[Source "ChessBase"]
[SourceDate "1997.02.01"]
[SourceVersion "1"]
[SourceVersionDate "1997.02.01"]
[SourceQuality "1"]

1. c4 Nf6 2. Nc3 e5 3. g3 Bb4 4. Bg2 O-O 5. Nf3 Re8 6. O-O e4 7. Nd4 Nc6 8. Nc2
Bxc3 9. dxc3 h6 10. Ne3 d6 11. Qc2 Nb8 $6 {Schwarz spielt, wie es in der
spanischen Verteidigung (Breyer Variante) üblich ist. Er geht von selbst mit
seinem Springer zurück. Aber ich kann diesen Zug nicht empfehlen. Richtig ist,
daß Schwarz nach eventuellem Ne3-d5,Nf6xd5,cxd5 ein Tempo mit seinem Springer
verlieren muß, aber jetzt ist es zu früh. Ribli.} (11... b6 12. Rd1 Bb7 13. Nd5
Rb8 14. b3 Kh8 15. Bf4 Ne5 16. Bxe4 Nxe4 17. Qxe4 Ng6 $44 {Georgiev,
Ki-Hjartarson,J/Manila izt/1990/}) (11... Re5 12. f4 exf3 13. exf3 Re8 14. Bd2
Be6 15. f4 Ng4 16. Nd5 Ne7 17. h3 Bxd5 18. cxd5 Nf6 19. c4 Qd7 20. Rae1 Nf5 21.
Qd3 h5 22. Bc3 $14 {Spraggett,K-Morovic,I/Spain tch/1994/}) (11... Bd7 12. Bd2
a5 13. b3 Qe7 14. Nd5 Nxd5 15. cxd5 Nb8 16. c4 Bf5 17. a3 Nd7 18. Qb2 Qf6 19.
Bc3 Qg6 20. Bd4 Ne5 $13 {Ibragimov,I-Komarov,D/Vienna op/1996/EXP53/}) 12. f4
exf3 {Wenn Schwarz diesen Zug nicht spielt, hat Weiß die Möglichkeit mit h3,g4
einen Angriff am Köningsflügel zu führen. Ribli} 13. exf3 c6 14. Bd2 Qb6 15.
Rae1 Be6 16. Kh1 Nbd7 17. f4 $14 {Neben den Läuferpaar hat Weiß Raumvorteil,
er dominiert das ganze Brett. Schwarz hat keinen guten Plan.Ribli.} Qa6 (17...
Ng4 $2 18. f5 Nxe3 19. Bxe3 Bxf5 20. Qxf5 Rxe3 21. Qxf7+ Kh8 22. Qxd7 $18) 18.
b3 Nc5 19. h3 Rad8 20. f5 Bc8 21. Ng4 $5 {Weiß muß diesen Zug spielen, sonst
kommt Schwarz mit seinem Springer nach e4.Ribli.} Nxg4 22. hxg4 f6 23. Bf4 d5
24. Bc7 (24. cxd5 cxd5 (24... Rxe1 25. Rxe1 cxd5 (25... Nd3 26. Rd1) 26. Rd1 b6
$1 27. Bxd5+ $2 (27. Rxd5 Re8) 27... Rxd5 28. Rxd5 Bb7) 25. Bxd5+) 24... dxc4
$1 {Sonst hat Schwarz eine verlorene Stellung. Jetzt bekommt er etwas
Aktivität für die Qualität, und was sehr wichtig ist, ist die Kontrolle über
das Feld e5.Ribli.} 25. Bxd8 Rxd8 26. Rd1 Rf8 27. Qe2 Nd3 28. bxc4 Ne5 $14 {
Schwarz hat eine Qualität weniger, aber Weiß hat zwei Doppelbauern. Außerdem
ist von großer Wichtigkeit, daß es wegen des geschlossenen Charakters keine
Felder für das Eindringen der Figuren gibt.Ribli.} 29. Rf4 Qa5 30. Qd2 Bd7 31.
Qb2 Qc7 32. c5 {Jetzt hat sich Weiß einen Stützpunkt auf d6 geschaffen, ein
guter Platz für seinen Turm.Ribli.} Rf7 33. Qa3 Qb8 34. Rfd4 Kh7 35. Qa4 Re7
36. Rd6 Qe8 37. Qd4 Qf7 (37... h5 $2 38. g5) 38. c4 Qe8 39. Re1 Qf7 $2 (39...
Kh8 {[#]}) 40. Rxe5 $1 {Weiß gibt die Qualität zurück. Aufgrund seines
Raumvorteils und des unverhinderbaren Durchbruchs g4-g5 -natürlich nach einer
gewissen Vorbereitung- hat er deutlichen Vorteil.Ribli.} fxe5 41. Qd3 Kg8 42.
Be4 $16 Be8 43. Qc3 Kf8 44. Kg1 Kg8 45. a4 Bd7 46. a5 a6 47. Kg2 Be8 48. Kf2
Bd7 49. Ke3 {Der weiße König steht sicher im Zentrum, er hat sogar Zeit, nach
b4 zu wandern. Schwarz bleibt nichts Besseres als Abwarten.Ribli.} h5 $2 50. g5
$18 Re8 (50... Bxf5 51. g6 Qf8 52. Bxf5 Qxf5 53. Rd8+ $18) 51. Qd3 Bxf5 {
Der letzte Versuch, imTrüben zu fischen.Objektiv verliert das.Ribli.} (51...
Bc8 52. f6 gxf6 53. Bg6 $18) 52. Bxf5 e4 53. Bxe4 Qf5 54. Qd4 Qxg5+ 55. Kf2 {
Der weiße König geht nach Hause, und die Mehrfigur entscheidet die Partie.
Ribli.} Rf8+ 56. Kg2 Qc1 57. Rd8 Qf1+ 58. Kh2 h4 59. Rxf8+ Qxf8 60. gxh4 Qf4+
61. Kh3 Qf1+ 62. Kg4 Qe2+ 63. Kg5 {Und es gibt kein Schach mehr, Schwarz gab
auf.Ribli.} 1-0

[Event "San Francisco"]
[Site "San Francisco"]
[Date "1995.??.??"]
[Round "1"]
[White "Gulko, Boris F"]
[Black "Waitzkin, Joshua"]
[Result "1-0"]
[WhiteElo "2595"]
[BlackElo "2435"]
[Annotator "Ribli,Z"]
[PlyCount "87"]
[EventDate "1995.??.??"]
[EventType "game"]
[EventCountry "ARG"]
[SourceTitle "CBM 046"]
[Source "ChessBase"]
[SourceDate "1995.06.01"]
[SourceVersion "1"]
[SourceVersionDate "1995.06.01"]
[SourceQuality "1"]

1. c4 e5 2. Nc3 Nf6 3. Nf3 Nc6 4. g3 d5 5. cxd5 Nxd5 6. Bg2 Nb6 7. O-O Be7 8.
a3 O-O 9. b4 Re8 10. d3 Bf8 11. Bb2 Bg4 (11... a5 12. b5 Nd4 13. Nd2 a4 14. e3
Ne6 15. Nf3 $14 {Gulko,B-Short,N/New York m PCA/1994/CBM42/INF61,32/}) 12. h3
Bh5 (12... Be6 13. Ne4 f6 14. Qc2 Qd7 15. Kh2 $14 {Timman,J-Petursson,M/
Tilburg/1993/CBM39/INF59,53/}) 13. Rc1 Qd7 (13... a5 14. b5 Nd4 {Smirin,
I-Alterman,B/Israel/1993/INF58,48/} 15. Nxd4 $1 exd4 16. Ne4 Re5 17. a4 f5 18.
f4 Re8 19. Ng5 $14 {Alterman}) 14. g4 Bg6 15. Nh4 a6 16. Ne4 Rad8 17. Qc2 $1 (
17. Nc5 Bxc5 18. Rxc5 e4 $13 {Rausis,I-Alterman,B/Corfu/1993/INF58,(48)/})
17... Nd5 18. e3 a5 19. bxa5 Nxa5 20. Rfd1 Qb5 21. Rb1 (21. Nxg6 $5 hxg6 22.
Rb1 $14) 21... Qa6 (21... Qb3 $2 22. Qxb3 Nxb3 23. Nxg6 hxg6 24. Bxe5 Rxe5 25.
Rxb3 $18) 22. Nxg6 Qxg6 23. Ng3 Qc6 24. Qxc6 Nxc6 25. Rdc1 Na5 26. Rc2 {
In der offenen Stellung steht Weiss mit dem Laeuferpaar bequemer.} (26. Bxd5
Rxd5 27. Rxc7 Rxd3 28. Bc3 Nc6 29. Be1 Bxa3 30. Rbxb7 Nd8 $10) 26... c6 27. Bc1
$1 Ra8 28. Bd2 Red8 29. Ne4 (29. Bxa5 $5 Rxa5 30. Rxb7 Rxa3 31. Rxc6 Rxd3 (
31... Nb4 32. Rcc7 Nxd3 33. Rxf7 Nc5 34. Ra7 $16) 32. Bxd5 $1 R3xd5 33. Rcc7
$16) 29... b6 30. Nc3 Nxc3 31. Bxc3 Rxd3 32. Rxb6 Nc4 (32... Bxa3 $2 33. Bxa5
Rxa5 34. Rb8+ Bf8 35. Rxc6 $18) 33. Rxc6 Nxa3 34. Rb2 Re8 35. Bxe5 $1 Rxe5 36.
Rb8 g6 37. Rcc8 Kg7 38. Rxf8 h5 39. f4 $1 Rb5 40. Rg8+ Kh7 41. Rh8+ Kg7 42.
Rbg8+ Kf6 43. g5+ Kf5 44. Re8 {Schwarz kann das Matt nicht gut parieren. Ribli}
(44. Re8 Rd1+ 45. Kh2 Rd2 46. Rhf8 $18) 1-0

[Event "San Francisco"]
[Site "San Francisco"]
[Date "1995.??.??"]
[Round "4"]
[White "Gulko, Boris F"]
[Black "Ashley, Maurice"]
[Result "1-0"]
[WhiteElo "2595"]
[BlackElo "2460"]
[Annotator "Ribli,Z"]
[PlyCount "71"]
[EventDate "1995.??.??"]
[EventType "game"]
[EventCountry "ARG"]
[SourceTitle "CBM 046"]
[Source "ChessBase"]
[SourceDate "1995.06.01"]
[SourceVersion "1"]
[SourceVersionDate "1995.06.01"]
[SourceQuality "1"]

1. c4 e5 2. Nc3 Nf6 3. Nf3 Nc6 4. g3 Bc5 5. Bg2 (5. Nxe5 Bxf2+ $5 6. Kxf2 Nxe5
7. e4 c5 8. d3 d6 9. h3 O-O $1 $13 {Garcia,G-Uhlmann,W/Leipzig/1973/}) 5... d6
6. O-O O-O 7. d3 h6 $5 {Schwarz verhindert die Lg5 Fortsetzung.} (7... a5 $6 8.
Bg5 $1 {Schwarz soll diesen Zug nicht lassen.} h6 9. Bxf6 Qxf6 10. Ne4 Qe7 11.
Nxc5 dxc5 12. Nd2 $14 {Illescas Cordoba,M-Bareev,M/Madrid/1994/CBM41/INF60,(31)
/}) 8. a3 a5 (8... a6 9. b4 Ba7 10. Bb2 Bg4 11. h3 Be6 12. Kh2 Rb8 13. Nd2 Qd7
$6 {Timman empfehlt hier 13...d5!?} 14. Nd5 Ne8 15. Qa4 $14 {Klarer Vorteil
fuer Weiss. Timman,J-Karpov,An/FIDE-Wch/1993/CBM38/INF59,42/}) 9. b3 Ba7 {
Schwarz sollte mit diesem Zug noch warten.} (9... Bf5 10. Bb2 Qd7 11. e3 Bg4
12. Qc2 Bb6 13. Nd2 Bh3 $13 {Hansen,Cu-Sokolov,I/Wijk aan Zee/1994/CBM40/INF59,
(42)/}) 10. Bb2 Re8 11. e3 Bg4 (11... Be6 $5) 12. h3 Bh5 13. Qc2 Qc8 $6 {
Droht Bf3 und Qh3.} (13... Qd7 $5) 14. Nd2 {Der Anziehende herrscht die g2-c6
Diagonale und steht besser.} Ne7 $6 15. Nb5 Bb8 (15... Bb6 16. b4 $14) 16. c5
$1 {Feiner Zug} dxc5 $6 {Nach dieser Antwort erhaelt Weiss klaren Vorteil im
Zentrum. Schwarz geraet schon in eine passive Lage.} (16... Qd7 $2 17. Bxb7
Qxb5 18. Bxa8 c6 19. Qc4 $18) (16... Nc6 17. cxd6 cxd6 18. Nc4 Qd8 19. e4 $14)
17. Bxe5 Nd7 18. Bb2 c6 19. Nc3 f5 $6 {Ein zweischneidiger Zug, der das Feld
e4 kontrolliert aber weitere Punkten (e6,g7) geschwaechert.} 20. Na4 Qd8 {
Indirekt deckt den c5 Bauern.} 21. Nf3 (21. Nxc5 $2 Nxc5 22. Qxc5 Qxd3 23. Qc4+
Qxc4 24. Nxc4 Bc7 $10) 21... b6 22. d4 $1 {Nach diesem kraftvollen Zug bricht
die schwarze Stellung gleich einem Karten- haus Zusammen.} Ra7 (22... cxd4 23.
Nxd4 $18 {Schwarz hat nur schwaeche Bauern und Punkte (c6,f5 und e6,g7).}) 23.
dxc5 b5 24. Nb6 Nxb6 25. cxb6 Rb7 (25... Qxb6 26. Bd4 $18) 26. Nd4 {Gulko
gewinnt einen Bauern. Schwarz ist hilflos.} Qxb6 27. Nxf5 Nxf5 28. Qxf5 Bf7 29.
Rac1 Re6 30. Qg4 g6 31. Bd4 Qa6 32. Rc2 Rc7 33. Rfc1 Rc8 34. Bd5 $1 Rd6 35.
Bxf7+ Kxf7 36. Qf4+ {Ribli} 1-0

[Event "Salamanca"]
[Site "Salamanca"]
[Date "1991.??.??"]
[Round "3"]
[White "Gomez Esteban, Juan Mario"]
[Black "Kortschnoj, Viktor Lvovich"]
[Result "1/2-1/2"]
[WhiteElo "2400"]
[BlackElo "2615"]
[Annotator "Ribli,Z"]
[PlyCount "65"]
[EventDate "1991.04.??"]
[EventType "tourn"]
[EventRounds "11"]
[EventCountry "ESP"]
[EventCategory "10"]
[SourceTitle "CBM 023"]
[Source "ChessBase"]
[SourceDate "1991.08.01"]
[SourceVersion "1"]
[SourceVersionDate "1991.08.01"]
[SourceQuality "1"]

1. c4 e5 2. Nc3 Nf6 3. Nf3 Nc6 4. g3 d5 5. cxd5 Nxd5 6. Bg2 Nb6 7. O-O Be7 8.
a3 O-O 9. b4 Re8 10. d3 Bf8 11. Bb2 Bg4 $5 12. Ne4 (12. h3 Bh5 13. Ne4 a5 14.
b5 Nd4 15. Ned2 Nxf3+ 16. Nxf3 $10 {remis Bischoff,K-De Boer,G Groningen op
1990 CBM/22}) 12... a5 13. Nc5 e4 14. Nxe4 (14. dxe4 axb4 15. axb4 Nxb4 16.
Qxd8 Rexd8 17. Nxb7 Rdb8 18. Na5 (18. Rxa8 Rxa8 19. Ra1 Na4 $13) 18... Rxa5 19.
Rxa5 Nc4 20. Ra7 Nxb2 21. Rxc7 $13) 14... axb4 15. axb4 Bxb4 16. Rxa8 Qxa8 17.
h3 Bd7 18. Qc1 Qd8 19. e3 Bf8 20. Rd1 Be6 21. Ba1 Bb3 22. Rd2 Qa8 23. Qc3 Nd7
24. Qxb3 Qxa1+ 25. Rd1 Qa6 26. Rb1 Nd8 27. Qc2 $6 (27. Nfd2 $5) 27... c5 28.
Qb3 c4 29. Qb5 Qxb5 30. Rxb5 cxd3 31. Rd5 Nb6 32. Rxd3 Nc6 33. Nc3 1/2-1/2

[Event "Biel SKA"]
[Site "Biel"]
[Date "1996.07.27"]
[Round "5"]
[White "Lautier, Joel"]
[Black "Portisch, Lajos"]
[Result "1/2-1/2"]
[WhiteElo "2620"]
[BlackElo "2600"]
[Annotator "Ribli,Z"]
[PlyCount "83"]
[EventDate "1996.07.22"]
[EventType "tourn"]
[EventRounds "11"]
[EventCountry "SUI"]
[EventCategory "16"]
[SourceTitle "CBM 055"]
[Source "ChessBase"]
[SourceDate "1996.12.01"]
[SourceVersion "1"]
[SourceVersionDate "1996.12.01"]
[SourceQuality "1"]

1. c4 Nf6 2. Nc3 e5 3. Nf3 Nc6 4. g3 d5 5. cxd5 Nxd5 6. Bg2 Nb6 7. O-O Be7 8.
a3 O-O 9. b4 Be6 10. Rb1 f6 11. d3 {Ribli.Das ist eine in der letzten Zeit
sehr beliebte Variante.} Nd4 12. Be3 c5 (12... Nxf3+ 13. Bxf3 c6 14. Ne4 Nd5
15. Bd2 b6 $13 {Schwartzman,G-Tiviakov,S/Wijk/1995/CBM45/}) 13. Ne4 Nxf3+ (
13... cxb4 14. axb4 (14. Bxd4 $5 exd4 15. axb4 Nd5 $2 16. Nxd4) 14... Nxf3+ (
14... Rc8 $6 15. Bxd4 $1 (15. Nc5 $6 Bxc5 16. bxc5 Rxc5 17. Rb4 Nxf3+ 18. Bxf3
Rc7 19. Bxb6 axb6 20. Rxb6 {Pigusov-Vyzmanavin,Sochi 1988 remis gegeben.})
15... exd4 16. Rb2 Nd5 (16... Qd7 17. Qa1 $14 {Lautier,J-Kamsky,G/
AMBER-blindford/1995/EXP46/}) 17. Qa1 (17. Nxd4 Nc3 18. Nxe6 (18. Nxc3 Qxd4)
18... Nxd1 19. Nxd8 Nxb2) 17... Qb6 18. Qa5 $1 $16 {Pigusov-Estevez/Santa
Clara/1991/CBM26/}) 15. Bxf3 Nd5 16. Bd2 Qd7 17. Qc2 Rac8 18. Qb2 b6 $10 {
Serper,G-Aseev,K/Krumbach op/1991/Inf53,41/}) 14. Bxf3 cxb4 15. Nc5 (15. axb4)
15... Bd5 $1 {Ribli.Das ist die vorbereitete Neuerung von Portisch! Natuerlich
war er dort im Interzonenturnier in Biel 1993 -wie sein Gegner Lautier- und er
hat die unten angeführte Partie Seirawan - Gurevich gesehen.} (15... Bxc5 $6
16. Bxc5 Rf7 17. Bxb4 $16 (17. Bxb6 axb6 $8 (17... Qxb6 18. Rxb4 Qa6 19. Qa4
$16) 18. axb4 Qd4 19. Qc1 $16 {Seirawan - Gurevich/Biel/1993/CBM37/})) 16.
Bxd5+ (16. Nxb7 Bxb7 17. Bxb7 Rb8 18. Bg2 bxa3) 16... Qxd5 17. axb4 Rfc8 18.
Qd2 (18. Qb3 Qxb3 19. Rxb3 Nd5 (19... Bxc5 20. bxc5 Nd5 (20... Nd7 $6 21. Rxb7
Nxc5 22. Rb5 Ne6 (22... Na4 $5) 23. Ra1))) 18... Bxc5 19. bxc5 (19. Bxc5 Na4)
19... Nd7 20. Rfc1 Rc7 {Ribli. Weiss hat Druck am Damenfluegel, aber Schwarz
hat keine Schwaechen.} 21. Rc4 Rac8 22. Qa2 a6 23. Qb3 Qf7 (23... Nxc5 {
Ribli. Weis steht aktiver, aber die schwarze Stellung ist haltbar.} 24. Bxc5
Rxc5 25. Rxc5 Rxc5 26. Qxd5+ Rxd5 27. Rxb7 $14) 24. Kg2 Qd5+ 25. Kg1 Qf7 26.
Kg2 Qd5+ 27. f3 {Ribli. Weiss vermeidet die Zugwiederholung, die Stellung ist
jedoch ausgeglichen.} Qf7 28. Kf2 h5 $5 {Ribli. Meiner Meinung nach hat Weiss
das Maximum anAktivitaet erreicht, er kann seine Stellung nicht verbessern.,}
29. Rh4 Qxb3 30. Rxb3 Rb8 (30... Nxc5 31. Bxc5 Rxc5 32. Rxb7 $14) 31. Rxh5 Nxc5
32. Bxc5 Rxc5 33. Rb6 $8 Rc6 34. Rxc6 bxc6 35. Rh4 a5 {Dieses Turmendspiel ist
eine Ausnahme,die die Regel bestaetigt . Schwarz hat drei Baeurninseln, Weiss
hat nur eine <das ist die sogennante Inselregel>, aber er kann leicht Remis
halten, da seine a- und c-Bauern nicht besonders schwach sind, und er mit
einem eventuellen Bauernvormarsch droht.} 36. Rc4 Rb6 37. f4 exf4 38. gxf4 Kf7
39. e4 f5 40. e5 Ra6 41. Ra4 Ke6 42. Ke3 {Ribli.Hier wurde die Partie Remis
gegeben.Die Stellung ist gleich, da beide Spieler einen Freibauern haben.}
1/2-1/2

[Event "Biel Credis"]
[Site "Biel"]
[Date "1996.??.??"]
[Round "3"]
[White "Landenbergue, Claude"]
[Black "Campora, Daniel Hugo"]
[Result "1-0"]
[WhiteElo "2410"]
[BlackElo "2545"]
[Annotator "Ribli,Z"]
[PlyCount "69"]
[EventDate "1996.07.22"]
[EventType "tourn"]
[EventRounds "11"]
[EventCountry "SUI"]
[EventCategory "10"]
[SourceTitle "CBM 055"]
[Source "ChessBase"]
[SourceDate "1996.12.01"]
[SourceVersion "1"]
[SourceVersionDate "1996.12.01"]
[SourceQuality "1"]

1. c4 e5 2. Nc3 Nf6 3. Nf3 Nc6 4. g3 Bb4 5. Bg2 Bxc3 {Ribli.Nicht schlecht,
aber selten gespielt, dieser fuehe Tausch.} 6. bxc3 O-O 7. O-O Re8 {Ribli.
Eine interessante Zugfolge. In der Hauptvariante,wenn Schwarz 5...0-0 6.0-0 e4
spielt, hat Weiss die Moeglichkeit zu 7.Ng5. In dieser Stellung ist die
Antwort 8.d3 praktisch erzwungen.} 8. d3 d6 $6 {Ribli.Mit diesem Zug gibt
Schwarz seine Hoffnungen auf Gegenspiel auf.} (8... e4 $5) 9. e4 $1 $14 {
Ribli.Weiss ist besonders stark im Zentrum, und er hat das Laeuferpaar.
Schwarz hat zwei Moeglichkeiten: 1. Er strebt nach Gegenspiel z.B. mit dem
eventuellen Durchbruch f5 oder b5 - aber dann oeffnet sich die Stellung fuer
das weisse Laeuferpaar. 2. Er wartet nur und hofft, dass seine Stellung
ziemlich stark ist.} (9. Bg5 h6 10. Bxf6 Qxf6 11. Ne1 Bd7 12. Nc2 Qd8 13. Rb1
Rb8 $10 {Villeneuve,A-Birmingham,E/FRA-ch/1989/}) 9... a6 10. a4 (10. Rb1 b5
11. cxb5 axb5 12. Rxb5 Rxa2) 10... Na5 (10... h6 11. h3 Na5 12. Be3 Bd7 13. Nh4
b5 14. axb5 axb5 15. cxb5 Bxb5 16. Nf5 $36 {Paneque,P-Suri,A/Havana/1996/}) 11.
Ne1 $6 (11. Nh4 $5 {Ribli. Weiss 11.ter Zug ist nicht gluecklich. Auf e1 macht
sein Springer nichts, und das Springermanoever Ne1-c2-e3 geht nicht, da
Schwarz dann zu Nb3 und Nc1 kommt.}) 11... Nd7 12. Be3 Nf8 (12... c6 13. Rb1 $1
) 13. Qh5 (13. f4) 13... Bd7 14. f4 f6 15. f5 $16 Re7 (15... b5 16. axb5 axb5
17. cxb5 (17. c5) 17... Bxb5 18. c4) 16. Qd1 {Ribli. Die Dame steht nicht mehr
gut auf h5. Seine Aufgabe bestand darin, den schwaechenden Zug f7-f6 zu
provozieren. Jetzt droht der Bauernsturm mit h4, g4.} Rf7 17. h4 b6 {Ribli.
Schwarz hat nicht nur eine voellig hoffnungslose Stellung, sondern auch eine
sehr "verirrte" Figur, den Springer auf a5.} 18. g4 g5 {Ribli.Ein
psychologisch verstaendlicher Zug. Schwarz will einen aktiven Zug machen, aber
in dieser konkreten Stellung waere meiner Meinung nach besser 18..h6 nebst 19..
.Nh7 besser.} 19. hxg5 fxg5 20. Rf3 $1 h6 {Ribli.Früher oder spaeter kann
Schwarz diesen Zug nicht vermeiden.} 21. Rh3 $18 Rh7 22. Nf3 Qf6 23. Bf1 $1 {
Ribli. Ein guter harmonischer Zug! Fuer alle Fälle deckt er den c4-Bauer -
nach eventuellem d4 - und macht die 2. Reihe fuer den Damenturm frei.} Bc6 24.
Ra2 $1 Re8 25. Rah2 Qh8 {Ribli. Schwarz kann nur warten.} 26. Be2 Nb7 27. Kf2
Kg7 28. Qc1 $1 {Ribli.Jetzt droht 29.Bg5 hg5 30.Qg5 Kf7 31.Rh7 Nh7 32.Qg6.} Kg8
29. Qh1 (29. Bxg5 $6 hxg5 30. Qxg5+ Qg7) 29... Kg7 $8 30. Bxg5 hxg5 31. Nxg5
Rxh3 32. Rxh3 Qxh3 (32... Qg8 33. Rh6 $1 $18) 33. Qxh3 Re7 34. Qh4 Rd7 35. Ne6+
{Ribli} 1-0